| 000 | 01343nam a2200313 i 4500 | ||
|---|---|---|---|
| 003 | DO-SdBNP | ||
| 005 | 20260629110838.0 | ||
| 007 | ta | ||
| 008 | 260629b2010 dr abc|| |||| 00| 0 spa d | ||
| 020 | _a97884000879060 | ||
| 040 |
_aDO-SdBNP _bspa _cBNPHU _erda |
||
| 041 | _aspa | ||
| 245 | 0 | 0 |
_aHistoria de la Las Antillas / _cdirector, Consuelo Naranjo Orovio ; coordinador, Frank Moya Pons ; equipo editorial, Leida Fernández Prieto, Ma. Dolores González-Ripoll, Inés Roldán de Moontaud |
| 264 | 4 |
_aSanto Domingo : _bConsejo Superior de Investigaciones Científicas; _bAcademia Dominicana de la Historia; _bEdiciones Doce Calles, _c©2010. |
|
| 300 |
_avolumen : _bilustraciones, mapas, retratos : _c24 cm. |
||
| 336 |
_atexto _btxt _2rdacontent |
||
| 337 |
_asin mediación _bn _2rdamedia |
||
| 338 |
_avolumen _bnc _2rdacarrier |
||
| 500 | _aLa biblioteca posee el volumen 2 | ||
| 505 |
_av.2-- _tHistoria de la República Dominicana. |
||
| 590 | _aInventariado, 2026/BT | ||
| 700 | 1 |
_aNaranjo Orovio, Consuelo, _edirector _4dir. _984999 |
|
| 700 | 1 |
_aMoya Pons, Frank, _ecoordinador _4coord. _984999 |
|
| 700 | 1 |
_aFernández Prieto, Leida, _eeditor _4ed. _990436 |
|
| 700 | 1 |
_aGonzález-Ripoll, Ma. Dolores, _eeditor _4ed. _990437 |
|
| 700 | 1 |
_aRoldán Montaud, Inés de, _eeditor _4ed. _990438 |
|
| 910 | _aBtavárez | ||
| 942 |
_2ddc _cLBS1 |
||
| 999 |
_c60962 _d60962 |
||